00744nam a2200217 a 4500008004100000040001200041041000800053044000700061082002500068100002800093245007700121260004700198300003600245490004100281502008800322650002300410650001400433655004000447700003200487852000700519200313s2018 ii ad||g m|||a00| 0 eng d aKObeng0 aeng aii04223a378.242bIRM17311 aS, AbhishekeResearcher20aA Study on Warehouse Management at Emmay Logistics, Ashokapuram, Aluva / aKochi :bIndian Maritime University,c2018 a44 p. :bill., charts ;c29 cm.0 aMBA Internship 2017-19 ;v1705304001 aInternship (MBA)–Indian Maritime University. School of Maritime Management, 2019. 0aWarehouse receipts 0aLogistics 72lcshaDissertations, Academicy20181 aH. L., YogamalacDr.eGuide aKO